[NIEAKTUALIZOWANE] Najpopularniejsze utwory Young Igiego [08.06.2022] - Statystyki

Ogólne statystyki
  • Ten quiz został rozwiązany 88 razy
  • Średni wynik to 7 z 20
Statystyki odpowiedzi
Odtworzenia Nazwa % Poprawnych
42,9 mln Bestia
96%
28,3 mln Worki W Tłum
53%
28,1 mln Amerykańskie Teledyski
47%
22,6 mln THC
44%
7,7 mln Promienie Słońca
39%
9,3 mln Robotniczy Trap
36%
25,7 mln Przypadkiem
35%
14,3 mln Icey
33%
12,3 mln Polski Karnawał
33%
12 mln Moonwalk
32%
13,6 mln MVP
32%
5,6 mln LEGO
26%
6,9 mln Biggie
25%
7,6 mln Oznaka Mężczyzn
24%
6,6 mln WMTB
22%
4,6 mln Ziemia Na Marsie
21%
5 mln Inny Gatunek
15%
5,7 mln Pamiętnik EX
15%
6,6 mln Idealne Połączenie
14%
5 mln Inimaniminimanimo
14%
Nie znaleziono quizów pasujących do podanych kryteriów
Rozkład punktacji
Procent ludzi z każdym wynikiem
Percentyl według liczby udzielonych odpowiedzi
Twoja historia wyników
Nie rozwiązałeś tego quizu